Spirit of the laws. 2V (Record no. 7752)

MARC details
000 -LEADER
fixed length control field 00450nam a2200169Ia 4500
008 - FIXED-LENGTH DATA ELEMENTS--GENERAL INFORMATION
fixed length control field 230917s9999||||xx |||||||||||||| ||und||
020 ## - ISBN
Price RS 2995.00
040 ## - CATALOGING SOURCE
-- 5013978
Original cataloging agency VIVEKANANDA LIBRARY
041 ## - Language
-- English
082 ## - DDC NUMBER
Classification number 340.1 M765S
100 ## - MAIN ENTRY--PERSONAL NAME
Personal name Montesquieu, Baron de
245 #0 - TITLE STATEMENT
Title Spirit of the laws. 2V
260 ## - PUBLICATION, DISTRIBUTION, ETC. (IMPRINT)
Place of publication, distribution, etc New Delhi
Name of publisher, distributor, etc Sharda Prakashan
Date of publication, distribution, etc 2022
300 ## - PHYSICAL DESCRIPTION
Pages 440 p.
500 ## - GENERAL NOTE
General note 4900 23/12/2022 SHP23/6705 02/01/2023 Main Budget
942 ## - ADDED ENTRY ELEMENTS (KOHA)
Koha item type Books
Holdings
Withdrawn status Lost status Damaged status Not for loan Location (home branch) Sublocation or collection (holding branch) Date acquired Koha issues (times borrowed) Koha full call number Accession No. Koha date last seen Koha item type
        VIVEKANANDA LIBRARY VIVEKANANDA LIBRARY 24/01/2023   340.1 M765S 406377 17/09/2023 Books
        VIVEKANANDA LIBRARY VIVEKANANDA LIBRARY 24/01/2023   340.1 M765S 406378 17/09/2023 Books
© Designed and Maintained by Vivekananda Library, MDU Rohtak